000 00602nam a2200217 i 4500
001 bgj
100 1 _aREAD, Carol
245 1 0 _aBugs :
_bzeszyt ćwiczeń /
_cCarol Read and Ana Soberon.
260 _aWarszawa :
_bMacmillan,
_c2006.
300 _aX, 47 pp :
_bill. ;
_c30 cm.
505 _aIncludes "Zeszyt współpracy z rodzicami".
650 9 _aEnglish language
655 _aTextbooks for children
700 1 _aSOBERON, Ana.
_eco-author
020 _a8389162709
040 _cBPK
041 0 _aeng
920 _a83-89162-70-9
942 _cKS
008 s uk f |000 0 eng
999 _c49036
_d49036
856 _uhttp://koha.tu.koszalin.pl/cgi-bin/koha/opac-detail.pl?biblionumber=49036
_yKatalog online BPK